| 000 | 01017cab a2200313 4500 | ||
|---|---|---|---|
| 001 | ABS48882 | ||
| 008 | 090401t1993 xxu||||| |||| 00| 0 eng d | ||
| 035 | _a(Sirsi) u68969 | ||
| 041 | _aeng | ||
| 100 | _aLennie, O. | ||
| 245 | _aSo what`s the REAL value? | ||
| 260 | _c1993 | ||
| 350 | _a0 | ||
| 490 |
_aVictorian Real Estate Journal _v57(1) March 1993, 30-36(6) |
||
| 520 | _aBailieu Knight Frank inititated a debate on property valuation against the background of the Australian recession. The suggestions for two valuations for property, a market valuation and an investment valuation, are discussed here. | ||
| 650 | _aAUSTRALIA | ||
| 650 | _aDEPRECIATED REPLACEMENT COST | ||
| 650 | _aEXISTING USE | ||
| 650 | _aGOING CONCERN | ||
| 650 | _aINVESTMENT VALUATION | ||
| 650 | _aNOTIONAL REPLACEMENT COST | ||
| 650 | _aOVER-SUPPLY | ||
| 650 | _aRECESSION | ||
| 650 | _aVALUATION METHODS | ||
| 690 | _aRATING AND VALUATION | ||
| 700 | _aCations, M. | ||
| 942 | _n0 | ||
| 948 | _c04/03/1997 | ||
| 999 |
_c43311 _d43311 |
||